Score 0/10 Timer 02:00
0 Plays Today
Rating (2012) Brands % Correct
52.1Lay's
92%
47.1Doritos
77.5%
41.9Cheetos
57.8%
36.8Pringles
51%
46.6Fritos
50%
55.2Ritz
37.2%
41.9Tostitos
27.6%
44.1Wheat Thins
14.9%
36.7Triscuit
12.7%
46.0Orville Redenbacher
5.3%

You're not logged in!

Compare scores with friends on all Sporcle quizzes.
OR
Log In

Sporcle TV

Today on Sporcle TV


Watch our educational content, quiz creation guides, and fun videos on Sporcle TV.

Show Comments

Extras

Top Quizzes Today


Score Distribution

Paid Content

Your Account Isn't Verified!

In order to create a playlist on Sporcle, you need to verify the email address you used during registration. Go to your Sporcle Settings to finish the process.

Report this User

Report this user for behavior that violates our Community Guidelines.

Details: